| 000 | 00931nam a22002297a 4500 | ||
|---|---|---|---|
| 001 | 6350 | ||
| 003 | FISKH | ||
| 005 | 20250423112702.0 | ||
| 008 | 250423b cb ||||| |||| 00| 0 eng d | ||
| 020 | _a 9788185440019 | ||
| 040 |
_aFISKH _beng _cFISKH _dFISKH |
||
| 050 | _aBQ7935.B777 K73 | ||
| 082 | _a920 | ||
| 100 | _aKranti, Vijay | ||
| 245 |
_aDalai Lama the soldier of peace / _cStory retold by Vijay Kranti ; Illustrations : Sodhon |
||
| 260 |
_aDelhi : _bCentrasia Publishing, _c2013. |
||
| 300 |
_a74 pages : _bcolor illustrations ; _c29 cm |
||
| 520 | _aThe Soldier of Peace', depicts the reincarnation of the previous Dalai Lama; the intriguing relationship between Tibet and China; how Tibet was occupied; the thrilling escape of the Dalai Lama into exile and what makes the present Dalai Lama the most sought after personality in modern times. | ||
| 650 | _aSpirituality | ||
| 942 |
_2ddc _cBK _n0 |
||
| 999 |
_c6350 _d6350 |
||